000 00434nam a2200181 i 4500
001 63421
005 20230411085921.0
008 081016b1978 dr a 000 0 spa
040 _aDRFGD
_bspa
041 _aspa
050 1 4 _a
100 _aMejía Julio
245 0 3 _aLa intringulis de la comunidad Dominicana filosofia del cambio.
260 _aSanto Domingo
_c1978
300 _a52p
942 _2lcc
_cbk
946 _aclperez
999 _c109265
_d109265